[Event "Bad Woerishofen op"]
[Site "?"]
[Date "2000.??.??"]
[Round "6"]
[White "Rostek, Bettina"]
[Black "Platten, Herbert"]
[Result "1-0"]
[WhiteElo "1582"]
[BlackElo "1772"]
[PlyCount "77"]
[EventDate "2000.??.??"]

1. e4 e6 2. Nf3 d5 3. exd5 exd5 4. d4 Bg4 5. h3 Bh5 6. Be2 Nc6 7. O-O Nf6 8.
Bb5 Be7 9. Qd3 Bxf3 10. Qxf3 O-O 11. c3 a6 12. Bd3 Ne8 13. Qh5 g6 14. Qg4 Ng7
15. Bh6 f5 16. Qe2 Qd7 17. Nd2 Rae8 18. Qd1 Rf7 19. Nf3 Bf6 20. Qb3 b5 21. a4
Na5 22. Qc2 Nc4 23. b3 Nd6 24. Bg5 c6 25. Bxf6 Rxf6 26. Ne5 Qc7 27. axb5 axb5
28. Ra6 Ne4 29. Bxb5 cxb5 30. Rxf6 Nxf6 31. Ra1 Ne4 32. c4 dxc4 33. bxc4 bxc4
34. Ra6 Ne6 35. Rc6 Nxd4 36. Qxc4+ Kh8 37. Rxc7 Ne2+ 38. Qxe2 Rxe5 39. Qb2 1-0

[Event "Bad Woerishofen op"]
[Site "?"]
[Date "2000.??.??"]
[Round "9"]
[White "Rostek, Bettina"]
[Black "Slacik, Johann"]
[Result "1/2-1/2"]
[WhiteElo "1582"]
[BlackElo "1778"]
[PlyCount "62"]
[EventDate "2000.??.??"]

1. e4 c5 2. d4 cxd4 3. Qxd4 Nc6 4. Qd1 g6 5. Nf3 Bg7 6. Bc4 e6 7. c3 Nge7 8.
Bf4 d5 9. exd5 Nxd5 10. Bxd5 Qxd5 11. Qxd5 exd5 12. Na3 O-O 13. O-O-O Be6 14.
Rhe1 a6 15. Ng5 Rfe8 16. Nc2 Rac8 17. Kb1 h6 18. Nxe6 fxe6 19. Be3 b5 20. f4
Na5 21. Bd4 Bf8 22. g4 Bg7 23. Nb4 Bxd4 24. cxd4 Rc4 25. Nxa6 Kf7 26. Nc5 Nc6
27. Nd7 Rxd4 28. Ne5+ Nxe5 29. Rxd4 Nf3 30. Red1 Nxd4 31. Rxd4 Rc8 1/2-1/2

[Event "Bad Woerishofen op"]
[Site "Bad Woerishofen"]
[Date "2000.??.??"]
[Round "1"]
[White "Rothenhagen, Siegfried"]
[Black "Dobierzin, Olaf"]
[Result "1/2-1/2"]
[WhiteElo "1671"]
[BlackElo "2144"]
[PlyCount "41"]
[EventDate "1998.03.05"]
[Source "ChessBase"]
[SourceDate "1998.04.29"]

1. d4 Nf6 2. Nf3 d6 3. e3 g6 4. Bd3 Bg7 5. O-O O-O 6. Nbd2 Re8 7. c3 e5 8. dxe5
dxe5 9. Ne4 Nbd7 10. Nxf6+ Nxf6 11. e4 c6 12. Bg5 Qb6 13. Qc2 a5 14. Be3 Qc7
15. Rad1 Bg4 16. Be2 Rad8 17. h3 Bc8 18. Rxd8 Rxd8 19. Rd1 Rxd1+ 20. Bxd1 h6
21. Nd2 1/2-1/2

[Event "Bad Woerishofen op"]
[Site "?"]
[Date "2000.??.??"]
[Round "3"]
[White "Rothenhagen, Siegfried"]
[Black "Carl, Werner"]
[Result "0-1"]
[WhiteElo "1671"]
[BlackElo "1900"]
[PlyCount "166"]
[EventDate "2000.??.??"]

1. d4 Nf6 2. Nf3 g6 3. e3 Bg7 4. Bd3 d6 5. Nbd2 c6 6. O-O O-O 7. c3 Re8 8. Qc2
Nbd7 9. Rd1 Qc7 10. Bc4 d5 11. Bb3 e5 12. dxe5 Nxe5 13. Nxe5 Qxe5 14. Nf3 Qh5
15. h3 Bxh3 16. Nh2 Bf5 17. Qd2 Ne4 18. Qe1 Be5 19. Nf1 Bc7 20. f3 Ng5 21. Qf2
Bc8 22. c4 dxc4 23. Bxc4 Be6 24. Bxe6 Nxe6 25. b3 Rad8 26. Bb2 Qg5 27. Rac1 Bb6
28. Ba1 h5 29. Qb2 Kh7 30. Rxd8 Rxd8 31. Qc3 Bc5 32. Rc2 Be7 33. Rd2 f6 34.
Rxd8 Bxd8 35. Qd3 Qd5 36. Qxd5 cxd5 37. Kf2 Kg7 38. Nd2 Kf7 39. Nb1 Bb6 40. Na3
Nc5 41. Ke2 Ke6 42. Nc2 Nd7 43. Kd3 Nc5+ 44. Ke2 Nd7 45. Kd3 a6 46. Bb2 Nb8 47.
Ke2 Nc6 48. Kd3 Bc7 49. Ke2 Bd6 50. Nd4+ Nxd4+ 51. Bxd4 Be5 52. Bc5 g5 53. Kf2
Kd7 54. Ke2 Kc6 55. Ba3 Kb5 56. Kd3 a5 57. Be7 a4 58. Bf8 axb3 59. axb3 Kc6 60.
Bb4 Kd7 61. Bc5 Ke6 62. e4 dxe4+ 63. Kxe4 f5+ 64. Kd3 Kd5 65. Bb6 g4 66. fxg4
fxg4 67. Bd8 Bg3 68. Bb6 h4 69. Ke2 Ke4 70. Kf1 Kd3 71. Kg1 Kc3 72. Ba7 b5 73.
Bc5 Kxb3 74. Be7 Kc4 75. Kh1 Bf2 76. Kh2 Bc5 77. Bxh4 b4 78. Bf6 Bd4 79. Be7
Be5+ 80. Kg1 b3 81. Ba3 Kd3 82. Kf2 Kc2 83. Ke2 Bd6 0-1

[Event "Bad Woerishofen op"]
[Site "?"]
[Date "2000.??.??"]
[Round "6"]
[White "Rothenhagen, Siegfried"]
[Black "Steinhard, Mathias"]
[Result "1-0"]
[WhiteElo "1671"]
[BlackElo "1800"]
[PlyCount "119"]
[EventDate "2000.??.??"]

1. d4 d5 2. Nf3 Nf6 3. e3 c6 4. Bd3 Bg4 5. Nbd2 Nbd7 6. O-O e6 7. c3 Bd6 8. h3
Bh5 9. e4 dxe4 10. Nxe4 Nxe4 11. Bxe4 Nf6 12. Bc2 Nd5 13. Qd3 Bg6 14. Qe2 Bxc2
15. Qxc2 O-O 16. Ng5 Nf6 17. Re1 h6 18. Ne4 Be7 19. Nxf6+ Bxf6 20. Qe4 Qd5 21.
Bf4 Rad8 22. Be5 Bxe5 23. Qxe5 Rd7 24. Re2 Rfd8 25. Qxd5 Rxd5 26. Rae1 c5 27.
dxc5 Rxc5 28. f3 Ra5 29. b3 Rad5 30. Kf2 Rd3 31. Re3 Kf8 32. c4 Ke7 33. Rxd3
Rxd3 34. Ke2 Rd6 35. Ke3 Ra6 36. Re2 Rd6 37. c5 Rd5 38. b4 Re5+ 39. Kd3 Rxe2
40. Kxe2 e5 41. Kd3 Ke6 42. Kc4 f5 43. a4 e4 44. fxe4 fxe4 45. Kd4 e3 46. Kxe3
a5 47. Kd4 axb4 48. Kc4 b3 49. Kxb3 Kd5 50. Kb4 Kc6 51. a5 h5 52. Kc4 Kd7 53.
Kb5 Kc7 54. g3 g6 55. h4 Kd7 56. Kb6 Kc8 57. c6 bxc6 58. Kxc6 Kb8 59. a6 Ka7
60. Kd6 1-0

[Event "Bad Woerishofen op"]
[Site "?"]
[Date "2000.??.??"]
[Round "8"]
[White "Rothenhagen, Siegfried"]
[Black "Malzer, Werner"]
[Result "0-1"]
[WhiteElo "1671"]
[BlackElo "1852"]
[PlyCount "116"]
[EventDate "2000.??.??"]

1. d4 d5 2. Nf3 Nf6 3. e3 Bg4 4. Be2 e6 5. Nbd2 Be7 6. O-O O-O 7. Ne5 Bxe2 8.
Qxe2 Nbd7 9. Ndf3 h6 10. c4 c6 11. c5 Qc7 12. b4 b5 13. Bd2 Ne4 14. a4 a6 15.
Ra2 Nxe5 16. Nxe5 Ra7 17. Rfa1 Rfa8 18. axb5 cxb5 19. f3 Nxd2 20. Qxd2 Bd8 21.
h3 f6 22. Nd3 Qg3 23. Qf2 Qg6 24. Nc1 a5 25. bxa5 Rxa5 26. Rxa5 Rxa5 27. Rxa5
Bxa5 28. Qb2 Qg3 29. Qf2 Qb8 30. Nb3 Bc3 31. Qa2 Qg3 32. Qf2 Qg6 33. Nd2 Qc2
34. Nf1 Qb1 35. Qe2 Ba5 36. f4 Qb4 37. Qf3 Qc4 38. Qh5 Kf8 39. Qg6 b4 40. Ng3
Qb5 41. Nh5 Qd7 42. Qb1 f5 43. Qb3 Qb5 44. Kh2 Kf7 45. Ng3 Bc7 46. Kg1 g5 47.
Nxf5 Qa5 48. Nxh6+ Kg7 49. fxg5 Qa3 50. Qd1 Qxe3+ 51. Kh1 b3 52. Ng4 Qxg5 53.
Ne5 Bxe5 54. dxe5 b2 55. Kh2 Qf4+ 56. g3 Qf2+ 57. Kh1 Qf5 58. Kg2 b1=Q 0-1

[Event "Bad Woerishofen op"]
[Site "Bad Woerishofen"]
[Date "2000.??.??"]
[Round "1"]
[White "Rudolph, Peter"]
[Black "Slacik, Johann"]
[Result "1-0"]
[WhiteElo "2201"]
[BlackElo "1778"]
[PlyCount "27"]
[EventDate "1998.03.05"]
[Source "ChessBase"]
[SourceDate "1998.04.29"]

1. e4 c5 2. Nf3 Nc6 3. d4 cxd4 4. Nxd4 e6 5. Nb5 a6 6. Nd6+ Bxd6 7. Qxd6 Qf6 8.
Bd3 Nge7 9. O-O O-O 10. Nd2 Ne5 11. Be2 N7c6 12. f4 Nd4 13. Qxd4 Nf3+ 14. Nxf3
1-0

[Event "Bad Woerishofen op"]
[Site "?"]
[Date "2000.??.??"]
[Round "3"]
[White "Rudolph, Peter"]
[Black "Schelle, Artur"]
[Result "1/2-1/2"]
[WhiteElo "2201"]
[BlackElo "2100"]
[PlyCount "84"]
[EventDate "2000.??.??"]

1. d4 Nf6 2. Nf3 g6 3. b3 Bg7 4. Bb2 O-O 5. Nbd2 d6 6. e3 c6 7. Bc4 a5 8. a4
Na6 9. O-O d5 10. Be2 Ne8 11. Ne5 f6 12. Nd3 Bf5 13. f3 Nd6 14. Nf2 e5 15. e4
Be6 16. exd5 cxd5 17. Re1 Nb4 18. c3 Nc6 19. Bb5 Re8 20. Bxc6 bxc6 21. Ba3 Bf5
22. Bc5 Nb7 23. b4 Nxc5 24. bxc5 g5 25. c4 Rb8 26. cxd5 cxd5 27. Nf1 Rb4 28.
dxe5 fxe5 29. Rc1 Rd4 30. Qb3 Qb8 31. Qa2 Qb4 32. Ne3 Rd2 33. Qxd2 Qxd2 34.
Nxf5 Bf8 35. Red1 Qf4 36. Ng3 Rc8 37. c6 Qxa4 38. Rxd5 Rxc6 39. Rxc6 Qxc6 40.
Rxa5 Qc1+ 41. Nf1 Qb2 42. Rd5 Bb4 1/2-1/2

[Event "Bad Woerishofen op"]
[Site "?"]
[Date "2000.??.??"]
[Round "5"]
[White "Rudolph, Peter"]
[Black "Petrosjan, Suren"]
[Result "0-1"]
[WhiteElo "2201"]
[BlackElo "2366"]
[PlyCount "156"]
[EventDate "2000.??.??"]

1. d4 Nf6 2. Nf3 g6 3. c3 Bg7 4. Bf4 O-O 5. e3 d6 6. h3 b6 7. Nbd2 Bb7 8. Bc4
Nbd7 9. O-O Qe8 10. Qe2 e5 11. Bh2 a6 12. Rfd1 e4 13. Ne1 Kh8 14. b4 Nh5 15.
Bb3 f5 16. Nc4 g5 17. Bxd6 cxd6 18. Nxd6 Qe7 19. Nxb7 Nhf6 20. Nc5 bxc5 21.
bxc5 f4 22. c6 Nb6 23. Rac1 Bh6 24. c4 Rac8 25. d5 Qc5 26. Nc2 g4 27. Nd4 f3
28. Qe1 fxg2 29. Ne6 Qd6 30. c5 Qe5 31. Kxg2 gxh3+ 32. Kh1 Qf5 33. Qe2 Nbxd5
34. Nxf8 Rxf8 35. Bxd5 Nxd5 36. Rg1 Bg7 37. Qg4 Qe5 38. Rcd1 Bf6 39. Qg3 Qxg3
40. Rxg3 Nb4 41. Rxh3 Nd3 42. Kg2 Rg8+ 43. Rg3 Rc8 44. Rg4 Rxc6 45. Rxe4 Nxc5
46. Rc4 Be7 47. f4 Kg7 48. Kf3 Rh6 49. Rg1+ Kf7 50. Rg3 Rh2 51. a4 h5 52. f5 h4
53. Rg6 Rh3+ 54. Ke2 Rh2+ 55. Kf3 Rh3+ 56. Ke2 Rh2+ 57. Kf3 Rd2 58. Rh6 Kg7 59.
Rh5 Nd7 60. Rd4 Rxd4 61. exd4 Bf6 62. Ke4 Nb6 63. d5 Nxa4 64. d6 Nb6 65. Kd3 a5
66. Kc2 Nd7 67. Kb3 Nc5+ 68. Ka2 Nd3 69. d7 Nf4 70. d8=Q Bxd8 71. f6+ Bxf6 72.
Rxa5 h3 73. Rb5 Kg6 74. Rb1 Kg5 75. Kb3 Kg4 76. Kc4 h2 77. Rh1 Kg3 78. Rxh2
Kxh2 0-1

[Event "Bad Woerishofen op"]
[Site "?"]
[Date "2000.??.??"]
[Round "7"]
[White "Rudolph, Peter"]
[Black "Luecke, Volkmar"]
[Result "1-0"]
[WhiteElo "2201"]
[BlackElo "1948"]
[PlyCount "105"]
[EventDate "2000.??.??"]

1. e4 e6 2. d4 d5 3. e5 c5 4. c3 Nc6 5. a3 cxd4 6. cxd4 f5 7. Nf3 Nge7 8. Nc3
a6 9. b4 Bd7 10. Bd3 Ng6 11. h4 Be7 12. h5 Nh4 13. Nxh4 Bxh4 14. Ne2 Bg5 15. f4
Bh6 16. Be3 Qb6 17. Kf2 Rc8 18. Rc1 Kf7 19. Rc5 Qd8 20. g3 g5 21. hxg6+ hxg6
22. Rc1 Qe7 23. Qg1 Bg7 24. Qg2 Rxh1 25. Rxh1 Rh8 26. Rxh8 Bxh8 27. Qh1 Bg7 28.
Ng1 Qf8 29. Nf3 Qh8 30. Qf1 Na7 31. Ng5+ Ke7 32. Kg2 Bb5 33. Bxb5 axb5 34. Qc1
Qc8 35. Qh1 Qh8 36. Qd1 Qe8 37. Qd3 Qc6 38. Qd1 Qe8 39. Bf2 Bh6 40. Nf3 Kf7 41.
Qh1 Kg7 42. Be3 Qc8 43. Qh4 Qf8 44. Nd2 Qc8 45. Qf6+ Kh7 46. Qf7+ Bg7 47. Nf3
Qc2+ 48. Bf2 Nc6 49. Ng5+ Kh6 50. Qg8 Qe4+ 51. Kh2 Kh5 52. Nxe4 Bxe5 53. Kh3
1-0

[Event "Bad Woerishofen op"]
[Site "?"]
[Date "2000.??.??"]
[Round "8"]
[White "Rudolph, Peter"]
[Black "Karpatchev, Alexandre"]
[Result "0-1"]
[WhiteElo "2201"]
[BlackElo "2453"]
[PlyCount "102"]
[EventDate "2000.??.??"]

1. d4 d5 2. Nf3 Nf6 3. Bf4 c5 4. e3 e6 5. c3 Nc6 6. h3 Bd6 7. Ne5 Qc7 8. Bb5
O-O 9. Bxc6 bxc6 10. O-O Nd7 11. Nxd7 Bxd7 12. Bxd6 Qxd6 13. Nd2 e5 14. dxe5
Qxe5 15. Nf3 Qf6 16. Re1 Bf5 17. Rc1 Rfb8 18. b3 Rd8 19. Qe2 a5 20. a4 Rab8 21.
Nd2 Qg6 22. Qf3 Bc2 23. e4 dxe4 24. Nxe4 Bxb3 25. Nxc5 Bd5 26. Qg4 f6 27. Qxg6
hxg6 28. Re7 Re8 29. Rxe8+ Rxe8 30. Nb7 Rb8 31. c4 Bxg2 32. Nxa5 Be4 33. c5 Ra8
34. Nc4 Rxa4 35. Kh2 Rb4 36. Ne3 g5 37. Rc4 Rxc4 38. Nxc4 Bd3 39. Na5 Bb5 40.
Kg3 Kf7 41. f4 gxf4+ 42. Kxf4 Ke6 43. h4 Kd5 44. Nb7 g6 45. Nd6 Kxc5 46. Ne4+
Kd4 47. Nxf6 c5 48. h5 gxh5 49. Nxh5 c4 50. Ng3 c3 51. Nf5+ Kd3 0-1

[Event "Bad Woerishofen op"]
[Site "Bad Woerishofen"]
[Date "2000.??.??"]
[Round "1"]
[White "Ruppert, Lothar"]
[Black "Loew, Gerald"]
[Result "1/2-1/2"]
[WhiteElo "1919"]
[BlackElo "2305"]
[PlyCount "105"]
[EventDate "1998.03.05"]
[Source "ChessBase"]
[SourceDate "1998.04.29"]

1. d4 Nf6 2. Nf3 e6 3. Bg5 h6 4. Bh4 c5 5. e3 Nc6 6. c3 g5 7. Bg3 Ne4 8. Bd3
Nxg3 9. fxg3 g4 10. Nfd2 h5 11. Ne4 cxd4 12. exd4 d5 13. Nf2 Bd6 14. Nd2 Qg5
15. Qe2 Bd7 16. O-O-O O-O-O 17. Kb1 Kb8 18. Nb3 Rhe8 19. Qd2 Qg7 20. Bc2 Bc8
21. Nd3 Rh8 22. Nf4 Qh6 23. Nd3 h4 24. Qxh6 Rxh6 25. gxh4 Rxh4 26. h3 Rg8 27.
Rdf1 Nd8 28. Bd1 gxh3 29. gxh3 b6 30. Rf3 Ba6 31. Nf2 Rg2 32. Nc1 Kc7 33. Be2
Bxe2 34. Nxe2 f5 35. Kc2 Nf7 36. Rg1 Rxg1 37. Nxg1 Ng5 38. Re3 Rf4 39. Nd3 Rf1
40. Ne2 Rh1 41. Nef4 Kd7 42. Rg3 Rh2+ 43. Kb3 Bxf4 44. Nxf4 Ne4 45. Rg7+ Kc6
46. Rxa7 Nd2+ 47. Kb4 Nc4 48. b3 Ne3 49. Ng6 Nc2+ 50. Ka4 Nxd4 51. Ne5+ Kd6 52.
Nf7+ Kc6 53. Ne5+ 1/2-1/2

[Event "Bad Woerishofen op"]
[Site "?"]
[Date "2000.??.??"]
[Round "3"]
[White "Ruppert, Lothar"]
[Black "Sakowski, Christian"]
[Result "1-0"]
[WhiteElo "1919"]
[BlackElo "1723"]
[PlyCount "41"]
[EventDate "2000.??.??"]

1. d4 Nf6 2. Nf3 g6 3. c4 Bg7 4. Nc3 d5 5. e3 O-O 6. Be2 dxc4 7. Bxc4 c5 8. O-O
cxd4 9. Nxd4 Qc7 10. Be2 a6 11. Bd2 Nc6 12. Nxc6 Qxc6 13. Rc1 Qb6 14. Na4 Qd8
15. Bf3 Rb8 16. Bc3 b5 17. Be5 Bb7 18. Bxb8 Bxf3 19. Qxd8 Rxd8 20. Bc7 Rd2 21.
Ba5 1-0

[Event "Bad Woerishofen op"]
[Site "?"]
[Date "2000.??.??"]
[Round "5"]
[White "Ruppert, Lothar"]
[Black "Stiepan, Hans-Michael"]
[Result "0-1"]
[WhiteElo "1919"]
[BlackElo "1644"]
[PlyCount "120"]
[EventDate "2000.??.??"]

1. d4 Nf6 2. Nf3 e6 3. Bg5 Be7 4. e3 b6 5. Bd3 Bb7 6. Nbd2 d6 7. O-O Nbd7 8. e4
O-O 9. c4 h6 10. Bh4 c5 11. d5 exd5 12. exd5 Nxd5 13. Bxe7 Nxe7 14. Be4 d5 15.
cxd5 Bxd5 16. Bxd5 Nxd5 17. Nc4 N7f6 18. Re1 Qc7 19. a3 Rfe8 20. Nce5 Rad8 21.
Qa4 Re6 22. Ng4 Rxe1+ 23. Rxe1 Nxg4 24. Qxg4 Nf6 25. Qc4 Qd7 26. h3 Re8 27. Rc1
Ne4 28. b4 cxb4 29. axb4 Nd2 30. Qf4 Nxf3+ 31. Qxf3 Qd2 32. Rc7 Qe1+ 33. Kh2
Qe5+ 34. Qg3 Qxg3+ 35. Kxg3 Re4 36. Rxa7 Rxb4 37. Kf3 Rb1 38. Ke3 b5 39. Rb7 b4
40. Kd3 b3 41. g3 g6 42. h4 Kg7 43. Rb4 Rb2 44. f3 Rg2 45. g4 b2 46. g5 hxg5
47. hxg5 Kf8 48. f4 Ke7 49. Rb6 Kd7 50. Kd4 Kc7 51. Rb4 Kc6 52. Ke5 Kc5 53. Rb8
Rf2 54. Rb7 Kc4 55. Rc7+ Kd3 56. Rb7 Kc2 57. Rc7+ Kd1 58. Rb7 Kc1 59. Rc7+ Rc2
60. Rb7 b1=Q 0-1

[Event "Bad Woerishofen op"]
[Site "?"]
[Date "2000.??.??"]
[Round "7"]
[White "Ruppert, Lothar"]
[Black "Bretscher, Robert"]
[Result "1-0"]
[WhiteElo "1919"]
[BlackElo "1625"]
[PlyCount "61"]
[EventDate "2000.??.??"]

1. d4 d5 2. Nf3 Nf6 3. Bg5 h6 4. Bf4 e6 5. e3 Be7 6. Bd3 O-O 7. Nbd2 Nbd7 8.
Ne5 c5 9. c3 c4 10. Bc2 Re8 11. O-O Nf8 12. Qf3 N6d7 13. Nxf7 Qb6 14. Rab1 Bf6
15. Qh5 Re7 16. Ne5 a5 17. Ndf3 g5 18. Bg3 Bg7 19. Nxd7 Bxd7 20. Ne5 Be8 21.
Qg4 Bf6 22. f4 h5 23. Qf3 g4 24. Qf2 Rg7 25. f5 Qd8 26. fxe6 Be7 27. Nf7 Qb6
28. Nh6+ Kh8 29. Qxf8+ Bxf8 30. Rxf8+ Rg8 31. Rxg8# 1-0

[Event "Bad Woerishofen op"]
[Site "?"]
[Date "2000.??.??"]
[Round "9"]
[White "Ruppert, Lothar"]
[Black "Reichwald, Klaus-Dieter"]
[Result "1/2-1/2"]
[WhiteElo "1919"]
[BlackElo "1746"]
[PlyCount "48"]
[EventDate "2000.??.??"]

1. d4 Nf6 2. Nf3 g6 3. c4 Bg7 4. Nc3 O-O 5. e4 d6 6. Be2 Nc6 7. O-O e5 8. d5
Ne7 9. Bg5 h6 10. Bd2 Bd7 11. Ne1 Ne8 12. f4 exf4 13. Rxf4 g5 14. Rf1 f5 15.
exf5 Nxf5 16. Nc2 Be5 17. Bd3 Neg7 18. Rb1 a6 19. Ne4 Qe7 20. Bc3 Rae8 21. Bxe5
Qxe5 22. Re1 Qe7 23. Nc5 Qd8 24. Nxd7 Rxe1+ 1/2-1/2

[Event "Bad Woerishofen op"]
[Site "Bad Woerishofen"]
[Date "2000.??.??"]
[Round "2"]
[White "Sailer, Wolfgang"]
[Black "Sislian, Hanno"]
[Result "1-0"]
[WhiteElo "2099"]
[BlackElo "2250"]
[PlyCount "59"]
[EventDate "1998.03.05"]
[Source "ChessBase"]
[SourceDate "1998.04.29"]

1. d4 Nf6 2. c4 g6 3. Nc3 d5 4. Nf3 Bg7 5. Bf4 O-O 6. e3 c5 7. dxc5 Qa5 8. Rc1
dxc4 9. Bxc4 Qxc5 10. Bb3 Qa5 11. O-O Nc6 12. Qe2 Bf5 13. Rfd1 Ne4 14. Nxe4
Bxe4 15. Ng5 Bf5 16. Rd5 Qb6 17. Rxf5 gxf5 18. Qh5 h6 19. Nxf7 Qxb3 20. Nxh6+
Bxh6 21. Qg6+ Bg7 22. axb3 Rf6 23. Qh5 Rd8 24. Rd1 Rxd1+ 25. Qxd1 e5 26. Bg5
Rf7 27. h4 e4 28. h5 Ne5 29. Qd5 Kh7 30. Qe6 1-0

[Event "Bad Woerishofen op"]
[Site "?"]
[Date "2000.??.??"]
[Round "4"]
[White "Sailer, Wolfgang"]
[Black "Laengl, Juergen"]
[Result "1-0"]
[WhiteElo "2099"]
[BlackElo "2248"]
[PlyCount "129"]
[EventDate "2000.??.??"]

1. d4 d5 2. Nf3 Nf6 3. g3 e6 4. Bg2 Be7 5. O-O O-O 6. c4 dxc4 7. Qc2 a6 8. Qxc4
b5 9. Qc2 Bb7 10. Bf4 Bd6 11. Nc3 Nc6 12. Rfd1 Nb4 13. Qb3 Ra7 14. Rac1 Nbd5
15. Bxd6 cxd6 16. Nd2 Qa8 17. Nxd5 Nxd5 18. Qa3 Rd8 19. e4 Nf6 20. Rc7 Bc6 21.
Qa5 Rc8 22. Rxa7 Qxa7 23. Rc1 Qa8 24. Qb6 h6 25. Qa5 Re8 26. f3 Rc8 27. Qb4 Qb8
28. Nb3 e5 29. Bh3 Bd7 30. Rxc8+ Qxc8 31. Bxd7 Qxd7 32. Qc3 Qa7 33. Kg2 exd4
34. Qxd4 Qxd4 35. Nxd4 Kf8 36. Kf2 d5 37. e5 Nd7 38. f4 Nc5 39. Ke3 g6 40. b4
Ne6 41. Nc6 h5 42. Nb8 Ke7 43. Nxa6 Kd7 44. Nc5+ Kc7 45. Nb3 Kc6 46. Nd4+ Kb6
47. h3 Nf8 48. g4 hxg4 49. hxg4 Nd7 50. Nf3 Kc6 51. f5 gxf5 52. gxf5 Kb6 53. e6
fxe6 54. fxe6 Nf6 55. Kd4 Kc6 56. Ke5 Ng4+ 57. Kf5 Ne3+ 58. Kf6 Ng4+ 59. Ke7 d4
60. Nxd4+ Kd5 61. Nxb5 Kc4 62. a3 Kxb5 63. Kd8 Ne5 64. e7 Nc6+ 65. Kd7 1-0

[Event "Bad Woerishofen op"]
[Site "?"]
[Date "2000.??.??"]
[Round "6"]
[White "Sailer, Wolfgang"]
[Black "Krajewski, Wolfgang"]
[Result "1/2-1/2"]
[WhiteElo "2099"]
[BlackElo "2255"]
[PlyCount "25"]
[EventDate "2000.??.??"]

1. d4 d5 2. Nf3 Bf5 3. g3 e6 4. Bg2 Nf6 5. O-O c5 6. c4 Nc6 7. Nc3 dxc4 8. Qa4
Be7 9. Ne5 O-O 10. Nxc6 bxc6 11. dxc5 Bxc5 12. Qxc4 Qd4 13. Qxd4 1/2-1/2

[Event "Bad Woerishofen op"]
[Site "?"]
[Date "2000.??.??"]
[Round "8"]
[White "Sailer, Wolfgang"]
[Black "Kunz, Konstantin"]
[Result "0-1"]
[WhiteElo "2099"]
[BlackElo "2260"]
[PlyCount "94"]
[EventDate "2000.??.??"]

1. d4 Nf6 2. c4 e6 3. g3 d5 4. Bg2 b6 5. Nf3 Ba6 6. O-O Bxc4 7. Ne5 Ba6 8. Nc3
Bb7 9. Qa4+ c6 10. e4 Be7 11. exd5 exd5 12. Re1 O-O 13. Bf4 Nfd7 14. Bh3 Nxe5
15. Bxe5 a6 16. Rad1 b5 17. Qc2 Re8 18. Bf5 g6 19. Bd3 Nd7 20. h4 Nxe5 21. dxe5
Bf8 22. h5 Qd7 23. hxg6 hxg6 24. f4 Qg4 25. Qf2 c5 26. Be2 Qe6 27. Bf3 Rad8 28.
Qg2 c4 29. Nxd5 Bxd5 30. Bxd5 Qb6+ 31. Kf1 Bb4 32. Re2 Kg7 33. Qe4 Rh8 34. Kg2
Qc5 35. a3 Ba5 36. e6 Rde8 37. f5 f6 38. fxg6 Rh5 39. Rh1 Qxd5 40. Rxh5 Qxh5
41. Qb7+ Kxg6 42. Re4 f5 43. Rh4 Qe2+ 44. Kh3 Rxe6 45. Qh7+ Kg5 46. Qg7+ Rg6
47. Qd7 Bb6 0-1

[Event "Bad Woerishofen op"]
[Site "?"]
[Date "2000.??.??"]
[Round "2"]
[White "Sakowski, Christian"]
[Black "Krajewski, Wolfgang"]
[Result "0-1"]
[WhiteElo "1723"]
[BlackElo "2255"]
[PlyCount "122"]
[EventDate "2000.??.??"]

1. c4 c6 2. Nc3 d5 3. d4 Nf6 4. Nf3 dxc4 5. a4 Bg4 6. Ne5 Bh5 7. Nxc4 e6 8. f3
Bb4 9. Bg5 Qd5 10. Bxf6 gxf6 11. e4 Qd7 12. Be2 Na6 13. Ne3 Rd8 14. Nc2 Ba5 15.
O-O Bb6 16. Bxa6 bxa6 17. Ne2 a5 18. Kh1 O-O 19. Qe1 Bg6 20. Rd1 Rb8 21. Qc3
Rfc8 22. b3 Qb7 23. Nf4 Bc7 24. Nxg6 hxg6 25. Rd3 Kg7 26. f4 Rh8 27. Rff3 Rh4
28. e5 f5 29. Ne3 Rbh8 30. Nf1 Bb6 31. Qe1 Qd7 32. Qf2 R4h5 33. Rg3 Qe7 34. Qd2
Rd8 35. Ne3 Qd7 36. Nc4 Bxd4 37. Nxa5 c5 38. Nc4 Rdh8 39. h3 Rh4 40. Kh2 Qc6
41. Qc1 Qe4 42. Rdf3 Rb8 43. Nd6 Qe2 44. Qf1 Qd2 45. Nc4 Qc2 46. Na3 Qe4 47.
Nc4 Rbh8 48. Rg5 f6 49. exf6+ Bxf6 50. Rgg3 Bd4 51. Nd2 Qc6 52. Nc4 Re8 53. Qd3
Rh5 54. Rf1 Bf6 55. Re3 g5 56. fxg5 Rxg5 57. Rg3 Qc7 58. Rff3 Rd8 59. Qe2 Kf7
60. Qe1 Rdg8 61. Nd2 Rxg3 0-1

[Event "Bad Woerishofen op"]
[Site "?"]
[Date "2000.??.??"]
[Round "4"]
[White "Sakowski, Christian"]
[Black "Berchtold, Peter"]
[Result "1-0"]
[WhiteElo "1723"]
[BlackElo "1275"]
[PlyCount "49"]
[EventDate "2000.??.??"]

1. e4 c5 2. Nf3 Nf6 3. Nc3 e5 4. Bc4 d6 5. d3 Be7 6. Bg5 O-O 7. O-O Nc6 8. Bxf6
Bxf6 9. Nd5 Bg4 10. c3 h5 11. h3 Be6 12. Ne3 g5 13. Nh2 h4 14. Bxe6 fxe6 15.
Nhg4 Kh7 16. Nxf6+ Rxf6 17. Qh5+ Rh6 18. Qf7+ Kh8 19. Ng4 Rh7 20. Qxe6 Re7 21.
Qf6+ Kh7 22. Qh6+ Kg8 23. Qxg5+ Kf8 24. Qxh4 Rc8 25. Qh8+ 1-0

[Event "Bad Woerishofen op"]
[Site "?"]
[Date "2000.??.??"]
[Round "6"]
[White "Sakowski, Christian"]
[Black "Poehler, Margit"]
[Result "1/2-1/2"]
[WhiteElo "1723"]
[BlackElo "1798"]
[PlyCount "59"]
[EventDate "2000.??.??"]

1. d4 g6 2. e4 Bg7 3. Nc3 d6 4. Nf3 Nc6 5. Be3 e5 6. dxe5 Nxe5 7. Nxe5 Bxe5 8.
Qd2 Bg7 9. Bc4 Nf6 10. f3 O-O 11. Bh6 a6 12. Bxg7 Kxg7 13. a4 Nd7 14. Qd4+ Ne5
15. Bb3 Qg5 16. O-O Bh3 17. Qf2 Nc6 18. f4 Qg4 19. Nd5 Rae8 20. Rae1 f5 21. Re3
Bxg2 22. Qxg2 Qh4 23. Qg5 Qxg5+ 24. fxg5 Nd4 25. exf5 gxf5 26. Rxe8 Rxe8 27.
Bc4 c6 28. c3 cxd5 29. Bxd5 Nc6 30. Rxf5 1/2-1/2

[Event "Bad Woerishofen op"]
[Site "?"]
[Date "2000.??.??"]
[Round "8"]
[White "Sakowski, Christian"]
[Black "Weiland, Guenter"]
[Result "1/2-1/2"]
[WhiteElo "1723"]
[BlackElo "2093"]
[PlyCount "120"]
[EventDate "2000.??.??"]

1. g3 g6 2. Bg2 Bg7 3. c4 Nf6 4. Nc3 d6 5. d3 O-O 6. Rb1 c6 7. e4 a5 8. Nge2 e5
9. O-O Nbd7 10. a3 Nh5 11. Be3 f5 12. f4 Bh6 13. Qd2 Nhf6 14. h3 Qe7 15. b4
axb4 16. axb4 exf4 17. Bxf4 Bxf4 18. Nxf4 Ne5 19. Nfe2 fxe4 20. dxe4 Nxc4 21.
Qd4 Ne5 22. Ra1 Rxa1 23. Rxa1 Be6 24. Rd1 Rd8 25. Nf4 Bf7 26. Kh2 Bc4 27. Nfe2
Nh5 28. Qd2 Qf6 29. Qe3 Ng7 30. Rf1 Qe7 31. Kg1 Ne6 32. Ra1 Kg7 33. Nd1 Qf6 34.
Nec3 Rf8 35. Nb2 b5 36. Ra7+ Rf7 37. Rxf7+ Nxf7 38. Nxc4 bxc4 39. Bf1 Ne5 40.
Kg2 Nd3 41. Nd1 Qd4 42. Qxd4+ Nxd4 43. Ne3 Nxb4 44. Nxc4 d5 45. exd5 Nxd5 46.
g4 Kf6 47. Kg3 g5 48. Bd3 h6 49. h4 Ne7 50. hxg5+ Kxg5 51. Nd2 Kf6 52. Ne4+ Ke5
53. Nc3 Nd5 54. Nd1 Ne6 55. Nf2 Kd4 56. Bf5 Ng7 57. Bh7 Nf6 58. Bb1 c5 59. Nh3
Ne6 60. Kh4 Ne4 1/2-1/2

[Event "Bad Woerishofen op"]
[Site "Bad Woerishofen"]
[Date "2000.??.??"]
[Round "1"]
[White "Salomon, Heide"]
[Black "Schnur, Gerhard"]
[Result "0-1"]
[WhiteElo "1542"]
[BlackElo "2111"]
[PlyCount "134"]
[EventDate "1998.03.05"]
[Source "ChessBase"]
[SourceDate "1998.04.29"]

1. e4 c6 2. d4 d5 3. Nc3 g6 4. Nf3 Bg7 5. exd5 cxd5 6. Bb5+ Nc6 7. O-O Nf6 8.
Bg5 O-O 9. Re1 Bg4 10. Bxc6 bxc6 11. h3 Bxf3 12. Qxf3 Re8 13. Rad1 Nd7 14. Qe3
Nf8 15. Bh6 Bh8 16. Bxf8 Kxf8 17. Ne2 Kg8 18. f4 e6 19. Kh2 Qc7 20. h4 c5 21.
c3 c4 22. Ng1 Rab8 23. Re2 Rb6 24. Rde1 Reb8 25. Qf2 Qb7 26. Qg3 Rxb2 27. Rxb2
Qxb2 28. Re2 Qb6 29. h5 Qc7 30. Nf3 Bf6 31. hxg6 hxg6 32. Ne5 Bxe5 33. Rxe5 Kg7
34. Rg5 Rh8+ 35. Kg1 Qb8 36. Re5 Qd6 37. Qe1 Rb8 38. Qe2 Rb1+ 39. Kh2 a5 40.
Qc2 Qb8 41. Kg3 Qb2 42. Re2 Qxc2 43. Rxc2 a4 44. Kf3 a3 45. g4 Rb2 46. Re2 g5
47. fxg5 Kg6 48. Re1 Rxa2 49. Rh1 Rc2 50. Rh8 Rxc3+ 51. Kf4 Kg7 52. Ra8 Rb3 53.
Ke5 Re3+ 54. Kd6 Re4 55. g6 Kxg6 56. Rxa3 Rxd4 57. g5 Rd3 58. Ra8 Kxg5 59. Ke7
e5 60. Kxf7 e4 61. Ke6 e3 62. Rg8+ Kf4 63. Rf8+ Ke4 64. Rh8 e2 65. Rh4+ Kf3 66.
Kf5 e1=Q 67. Rf4+ Ke2 0-1